[Event "22nd Asia-ch (w)"]
[Site "Makati City PHI"]
[Date "2018.12.18"]
[Round "9.1"]
[White "Wang Jue"]
[Black "Padmini, Rout"]
[Result "1/2-1/2"]
[WhiteElo "2367"]
[BlackElo "2345"]
[EventDate "2018.12.10"]
[PlyCount "51"]

1.e4 e5 2.Bc4 Nf6 3.d3 c6 4.Nf3 Be7 5.Bb3 O-O 6.O-O d6 7.Re1 Nbd7 8.c3 Nc5
9.Bc2 Bg4 10.Nbd2 Nfd7 11.h3 Bh5 12.Nf1 Ne6 13.g4 Bg6 14.Ng3 Ng5 15.Bxg5 
Bxg5 16.d4 Bf4 17.Ne2 Qf6 18.Kg2 Rad8 19.Nxf4 Qxf4 20.Qc1 Qxc1 21.Raxc1 
Rfe8 22.Rcd1 f6 23.Bb3+ Bf7 24.Bxf7+ Kxf7 25.Nd2 Nf8 26.Nc4 1/2-1/2

[Event "22nd Asia-ch (w)"]
[Site "Makati City PHI"]
[Date "2018.12.18"]
[Round "9.2"]
[White "Munkhzul, Turmunkh"]
[Black "Gong Qianyun"]
[Result "0-1"]
[WhiteElo "2255"]
[BlackElo "2312"]
[EventDate "2018.12.10"]
[PlyCount "70"]

1.e4 e6 2.d4 d5 3.Nd2 Be7 4.exd5 exd5 5.Bd3 Nf6 6.Ngf3 Nc6 7.c3 O-O 8.O-O 
Bd6 9.Re1 Re8 10.h3 h6 11.b4 a6 12.a4 Bd7 13.Bb2 Nh5 14.Ne5 Nf4 15.Ndf3 
Bxe5 16.dxe5 Nxe5 17.Rxe5 Rxe5 18.Nxe5 Qg5 19.Ng4 h5 20.Ne3 Re8 21.h4 Nh3+
22.Kf1 Qxh4 23.gxh3 Rxe3 24.fxe3 Bxh3+ 25.Ke2 Bg4+ 26.Kd2 Bxd1 27.Rxd1 
Qf2+ 28.Kc1 h4 29.c4 Qxe3+ 30.Kc2 c6 31.Bd4 Qf4 32.Re1 f5 33.Kc3 h3 34.
cxd5 cxd5 35.Be5 Qh4 0-1